00442 2200169 4500001002100000005001500021035002000036245005200056100001800108250001000126300006000136260003400196082001000230084001600240020000600256600001000262INLIS00000000000146820250115085951 a0010-01250000291 aKamus Istilah Teknik Pertanian /cArief Budiman0 aArief Budiman aCet I a276 hal :b276 hlm.; 14,8 x 21 cm ;c21 cmeBibliografi aBandung :bM2S Bandung,c2003 a630.3 a630.3 ARI k a- 4aKamus